Rahsia pokok besar

Bibliographic Details
Main Author: Sariah Ramlee
Corporate Author: Title
Format: Book
Published: Selangor : Vital Star , 2002
Series:Siri cerita dongeng ibarat
Subjects:

MARC

LEADER 00000cam a2200000 7i4500
001 0000000783
005 20151222.0
008 070703
020 |a 9830245349 
090 0 0 |a JF   |b MAL (474) 
100 0 |a Sariah Ramlee 
245 1 0 |a Rahsia pokok besar   |c Sariah Ramlee 
260 |a Selangor :   |b Vital Star ,   |c 2002 
440 |a Siri cerita dongeng ibarat 
500 |a Children ages 7-9 years old (orange) 
650 0 |a Junior fiction   |x Malay   |x Languages 
710 0 |a Title 
999 |a 0000958264   |b Book   |c Children Collection   |e Perbadanan Perpustakaan Awam Johor 
999 |a 0000958265   |b Book   |c Children Collection   |e Perbadanan Perpustakaan Awam Johor 
999 |a 0000958266   |b Book   |c Children Collection   |e Cawangan Mersing 
999 |a 0000958267   |b Book   |c Children Collection   |e Perbadanan Perpustakaan Awam Johor 
999 |a 0000958268   |b Book   |c Children Collection   |e Cawangan Taman Universiti